Chinese and Indian strategic behavior : (Record no. 15620)

000 -LEADER
fixed length control field 01344cam a2200361 a 4500
001 - CONTROL NUMBER
control field 17050039
005 - DATE AND TIME OF LATEST TRANSACTION
control field 20170105102922.0
008 - FIXED-LENGTH DATA ELEMENTS--GENERAL INFORMATION
fixed length control field 111118s2012 enka b 001 0 eng
010 ## - LIBRARY OF CONGRESS CONTROL NUMBER
LC control number 2011046091
020 ## - INTERNATIONAL STANDARD BOOK NUMBER
International Standard Book Number 9781107031982(hbk.)
040 ## - CATALOGING SOURCE
Original cataloging agency DLC
Transcribing agency DLC
Modifying agency DLC
042 ## - AUTHENTICATION CODE
Authentication code pcc
043 ## - GEOGRAPHIC AREA CODE
Geographic area code a-cc---
-- a-ii---
050 00 - LIBRARY OF CONGRESS CALL NUMBER
Classification number JZ1734
Item number .G55 2012
082 00 - DEWEY DECIMAL CLASSIFICATION NUMBER
Classification number 355/.033551
Edition number 23
100 1# - MAIN ENTRY--PERSONAL NAME
Personal name Gilboy, George J.,
Dates associated with a name 1964-
245 10 - TITLE STATEMENT
Title Chinese and Indian strategic behavior :
Remainder of title growing power and alarm /
Statement of responsibility, etc. George J. Gilboy, Eric Heginbotham.
260 ## - PUBLICATION, DISTRIBUTION, ETC.
Place of publication, distribution, etc. Cambridge ;
-- New York :
Name of publisher, distributor, etc. Cambridge University Press,
Date of publication, distribution, etc. 2012.
300 ## - PHYSICAL DESCRIPTION
Extent xxx, 346 p. :
Other physical details ill., maps ;
Dimensions 24 cm.
504 ## - BIBLIOGRAPHY, ETC. NOTE
Bibliography, etc. note Includes bibliographical references (p. 309-332) and index.
650 #0 - SUBJECT ADDED ENTRY--TOPICAL TERM
Topical term or geographic name entry element Strategic culture
Geographic subdivision China.
650 #0 - SUBJECT ADDED ENTRY--TOPICAL TERM
Topical term or geographic name entry element Strategic culture
Geographic subdivision India.
651 #0 - SUBJECT ADDED ENTRY--GEOGRAPHIC NAME
Geographic name China
General subdivision Foreign relations
Chronological subdivision 21st century.
651 #0 - SUBJECT ADDED ENTRY--GEOGRAPHIC NAME
Geographic name China
General subdivision Military policy.
651 #0 - SUBJECT ADDED ENTRY--GEOGRAPHIC NAME
Geographic name China
General subdivision Foreign economic relations.
651 #0 - SUBJECT ADDED ENTRY--GEOGRAPHIC NAME
Geographic name India
General subdivision Foreign relations
Chronological subdivision 21st century.
651 #0 - SUBJECT ADDED ENTRY--GEOGRAPHIC NAME
Geographic name India
General subdivision Military policy.
651 #0 - SUBJECT ADDED ENTRY--GEOGRAPHIC NAME
Geographic name India
General subdivision Foreign economic relations.
700 1# - ADDED ENTRY--PERSONAL NAME
Personal name Heginbotham, Eric.
906 ## - LOCAL DATA ELEMENT F, LDF (RLIN)
a 7
b cbc
c orignew
d 1
e ecip
f 20
g y-gencatlg
942 ## - ADDED ENTRY ELEMENTS (KOHA)
Source of classification or shelving scheme
Koha item type Book
Holdings
Withdrawn status Lost status Damaged status Not for loan Collection code Permanent Location Current Location Shelving location Date acquired Total Checkouts Full call number Barcode Date last seen Price effective from Koha item type
          Centre for International Peace & Stability (CIPS) Centre for International Peace & Stability (CIPS) General Stacks 09/27/2013   355.033551 GIL 2012 CIPS0001185 12/06/2013 12/06/2013 Book
© 2023 Central Library, National University of Sciences and Technology. All Rights Reserved.